Вып. 39 : Горные, строительные, дорожные и мелиоративные машины; Горные, строительные и дорожные машины

Bibliographic Details
Parent link:Горные, строительные и дорожные машины: республиканский межведомственный научно-технический сборник. Вып. 39 : Горные, строительные, дорожные и мелиоративные машины.— , 1978-1987
Other Authors: Баладинский В. Л. (редактор)
Language:Russian
Published: 1986
Subjects:
Format: Book
KOHA link:https://koha.lib.tpu.ru/cgi-bin/koha/opac-detail.pl?biblionumber=296712

MARC

LEADER 00000nam2a2200000 4500
001 296712
005 20231102000932.0
035 |a (RuTPU)RU\TPU\book\321820 
035 |a RU\TPU\book\288679 
090 |a 296712 
100 |a 20150602d1986 k y0rusy50 ca 
101 0 |a rus 
102 |a UA 
105 |a a z 001zy 
200 0 |a Вып. 39 : Горные, строительные, дорожные и мелиоративные машины  |f отв. ред. В. Л. Баладинский 
210 |d 1986 
215 |a 118 с.  |c ил. 
320 |a Библиогр. в конце ст. 
461 1 |0 (RuTPU)RU\TPU\book\288679  |t Горные, строительные и дорожные машины  |o республиканский межведомственный научно-технический сборник  |v Вып. 39 : Горные, строительные, дорожные и мелиоративные машины  |d 1978-1987 
606 1 |a Горное оборудование  |2 stltpush  |3 (RuTPU)RU\TPU\subj\7585  |9 35189 
610 1 |a горные машины 
610 1 |a строительные машины 
610 1 |a дорожные машины 
610 1 |a мелиоративные машины 
675 |a 622.002.5  |v 3 
702 1 |a Баладинский  |b В. Л.  |4 340 
801 1 |a RU  |b 63413507  |c 20140627 
801 2 |a RU  |b 63413507  |c 20150602  |g RCR 
942 |c BK